| 000 | 00533nam a2200217Ia 4500 | ||
|---|---|---|---|
| 003 | OSt | ||
| 005 | 20220928141700.0 | ||
| 006 | a|||||r|||| 00| 0 | ||
| 007 | ta | ||
| 008 | 220927b |||||||| |||| 00| 0 eng d | ||
| 024 | _a16714 | ||
| 037 | _cTextual | ||
| 040 |
_aSDCL _cSDCL _beng |
||
| 041 |
_2eng _aeng |
||
| 082 | _aWxL24, M3 | ||
| 100 |
_aWilliams Howard _9501498 |
||
| 245 | 0 | _aKant's political philosophy | |
| 260 | _c1983 | ||
| 942 |
_hWxL24, M3 _cTEXL _2CC |
||
| 999 |
_c819055 _d819055 |
||